[Event "EICC 2019"]
[Site "Skopia"]
[Date "2019.03.19"]
[Round "2.47"]
[White "Yankelevich, Lev"]
[Black "Petrov, Nikita"]
[Result "1/2-1/2"]
[WhiteElo "2462"]
[BlackElo "2591"]
[Annotator "TA"]
[PlyCount "61"]
[EventDate "2019.03.18"]
[EventType "swiss"]
[EventCountry "MKD"]
[SourceTitle "playchess.com"]
[Source "ChessBase"]
[SourceQuality "1"]

{[%evp 15,61,20,21,29,12,-14,19,16,16,16,23,20,12,13,24,29,22,23,41,36,35,28,37,32,28,22,26,11,8,9,13,0,36,0,31,25,43,34,62,37,35,29,38,35,31,16,25,21]} 1. d4 Nf6 2. c4 e6 3. Nc3 d5 4. cxd5 exd5 5. Bg5 c6 6. e3 Bd6 7. Bd3 Nbd7 8. Qc2 h6 9. Bh4 {D36: Queen's Gambit Declined: Exchange Variation: Main line (5 Bg5 c6 6 Qc2)} O-O 10. Bg3 (10. a3 {seems wilder.} Re8 11. Nge2 b6 12. O-O Bb7 13. Bg3) (10. Nge2 Re8 11. a3 a5 12. Rb1 Qe7 13. h3 Nf8 14. O-O Be6 15. Na4 N8d7 16. Rfc1 g5 17. Bg3 Nh5 18. Bxd6 Qxd6 {1-0 (30) Volkov,S (2547)-Shoboev,D (2237) Kazan 2018}) 10... Qe7 11. Bxd6 {The position is equal.} Qxd6 12. Nf3 Re8 13. O-O $146 ({Predecessor:} 13. h3 Qe7 14. O-O-O a5 15. g4 Ne4 16. Bxe4 dxe4 17. Nd2 Nf6 18. g5 hxg5 19. Rdg1 {0-1 (30) Costa,E (1751)-Arenillas,R (1924) Manaus 2017}) 13... Qe7 14. Nd2 Nf8 {[%cal Bd7f8,Bf8e6,Be6g5,Bg5e4][%mdl 32]} 15. Rab1 Ne6 16. b4 Bd7 17. Nf3 Ng5 18. Ne5 Nge4 19. Na4 Nd6 20. Nc5 Bc8 21. f3 b6 22. Nb3 Bb7 23. Rfe1 Rac8 24. Rbc1 Red8 (24... a5 $5) 25. a3 {[%cal Ba2a3,Ba3a4][%mdl 32]} Nfe8 26. Qf2 Nb5 27. a4 Nbc7 28. Qd2 Ne6 29. Bb1 Nf6 30. Bf5 Rc7 31. Rc2 {Accuracy: White = 65%, Black = 43%.} 1/2-1/2

[Event "EICC 2019"]
[Site "Skopia"]
[Date "2019.03.19"]
[Round "2.48"]
[White "Ter-Sahakyan, Samvel"]
[Black "Del Rio De Angelis, Salvador G."]
[Result "1-0"]
[WhiteElo "2590"]
[BlackElo "2464"]
[Annotator "TA"]
[PlyCount "93"]
[EventDate "2019.03.18"]
[EventType "swiss"]
[EventCountry "MKD"]
[SourceTitle "playchess.com"]
[Source "ChessBase"]
[SourceQuality "1"]

{[%evp 22,93,37,32,33,29,35,25,16,21,27,18,17,23,25,14,104,118,115,113,117,95,199,198,264,260,260,242,255,246,267,268,304,314,306,297,308,266,268,271,260,245,245,245,245,245,245,245,266,229,252,237,257,246,235,166,165,175,163,165,276,252,327,323,328,344,437,425,421,436,436,421,550,524]} 1. e4 e6 2. d4 d5 3. Nc3 Bb4 4. e5 c5 5. a3 Bxc3+ 6. bxc3 Ne7 7. Qg4 O-O 8. Bd3 f5 9. exf6 Rxf6 10. Bg5 Rf7 11. Qh5 g6 12. Qd1 $1 Qa5 {C18: French: 3 Nc3 Bb4: Main line: 7 h4 and 7 Qg4} 13. Bd2 Nd7 {[%cal Bb8d7,Bd7f6,Bf6e4][%mdl 32]} (13... e5 14. h4 e4 15. Be2 e3 16. Bxe3 Qxc3+ 17. Bd2 Qxd4 18. Nf3 Qf6 19. Bg5 Qc3+ 20. Bd2 Qf6 21. Bg5 Qc3+ 22. Bd2 Qf6 {½-½ (22) Aronian,L (2765)-Riazantsev,A (2649) St Petersburg 2018}) 14. Nf3 c4 {White has an edge.} 15. Be2 Nc6 16. O-O Nf6 17. Re1 Ne4 18. Bf1 Bd7 {[#]} ({Don't go for} 18... Nxc3 $2 19. Qc1 $18) (18... Rf5 $11 {remains equal.}) 19. Rxe4 $1 $16 {[%mdl 576] Remove Defender} dxe4 20. Ng5 {[%mdl 64] Double Attack} Rf5 $146 ({Predecessor:} 20... e3 21. Bxe3 Rf5 22. Ne4 Qc7 23. Be2 Ne7 24. Bg4 Rf7 25. Ng5 Rf6 26. Ne4 {½-½ (26) Markus,R (2192)-Von Saleski,M (2141) Chessfriend.com 2005}) 21. Nxe4 Qd5 (21... Qc7 $16) 22. g4 $18 Qxe4 (22... Re8 $142 23. Bg2 (23. gxf5 Qxe4 24. fxe6 Bxe6 $16) 23... Rff8 24. Nf6+ Rxf6 25. Bxd5 exd5) 23. Bg2 ({Weaker is} 23. gxf5 Na5 $14) 23... Qxg2+ 24. Kxg2 Rf7 25. Qe2 Rc8 26. Bg5 ({Don't do} 26. Qxc4 $6 Ne5 $18) 26... Ne7 27. Bxe7 Bc6+ 28. Kg1 Rxe7 29. Qxc4 Rcc7 30. Re1 Bd5 31. Qd3 Rf7 32. Re3 a6 33. h4 Rf4 34. Rg3 b5 35. f3 Rcf7 {[%cal Rd5f3]} 36. Kf2 Kg7 37. Qe3 Re4 38. Qd2 Ref4 {[%cal Rd5f3]} 39. Qe2 Re4 40. Qd1 Ref4 (40... h6 $142 41. a4 Ref4) 41. Ke3 Kf8 42. Qe2 Ke7 43. Rh3 Kd7 44. Qh2 {White is clearly winning.} Rxf3+ 45. Rxf3 Rxf3+ 46. Kd2 Kc6 47. Qb8 {Accuracy: White = 97%, Black = 44%.} 1-0

[Event "EICC 2019"]
[Site "Skopia"]
[Date "2019.03.19"]
[Round "2.49"]
[White "Kalezic, Blazo"]
[Black "Can, Emre"]
[Result "1/2-1/2"]
[WhiteElo "2460"]
[BlackElo "2586"]
[Annotator "TA"]
[PlyCount "21"]
[EventDate "2019.03.18"]
[EventType "swiss"]
[EventCountry "MKD"]
[SourceTitle "playchess.com"]
[Source "ChessBase"]
[SourceQuality "1"]

{[%evp 12,21,17,21,17,27,40,33,77,93,53,59]} 1. e4 c5 2. c3 Nf6 3. e5 Nd5 4. d4 cxd4 5. Nf3 d6 6. exd6 Qxd6 7. Nxd4 Nc6 {B22: Sicilian: 2 c3} 8. Na3 Qe5+ $146 ({Predecessor:} 8... e6 9. Nc4 Qc7 10. Nxc6 bxc6 11. Bd3 Ba6 12. Qe2 Nf4 13. Bxf4 Qxf4 14. Qe4 Qxe4+ 15. Bxe4 {½-½ (57) Mainka,R (2485)-Schneider,I (2368) Germany 2007}) 9. Be2 $1 Nf4 10. Bxf4 $1 Qxf4 11. O-O 1/2-1/2

[Event "EICC 2019"]
[Site "Skopia"]
[Date "2019.03.19"]
[Round "2.50"]
[White "Azarov, Sergei"]
[Black "Arnaudov, G. Petar"]
[Result "1-0"]
[WhiteElo "2585"]
[BlackElo "2462"]
[Annotator "TA"]
[PlyCount "85"]
[EventDate "2019.03.18"]
[EventType "swiss"]
[EventCountry "MKD"]
[SourceTitle "playchess.com"]
[Source "ChessBase"]
[SourceQuality "1"]

{[%evp 13,85,18,56,12,17,21,31,-1,-3,12,15,18,55,55,67,50,58,51,44,31,37,58,75,-8,0,-31,150,149,149,153,182,149,170,164,179,175,523,527,591,608,496,505,486,439,439,362,387,350,363,360,337,360,364,237,204,179,186,186,166,172,221,220,252,223,220,222,297,304,510,397,397,397,397,387]} 1. e4 c6 2. d4 d5 3. e5 Bf5 4. Nf3 e6 5. Be2 c5 6. Be3 Qb6 7. Nc3 Nc6 8. Na4 {B12: Caro-Kann: Advance Variation} (8. O-O $5 {[%cal Rd4c5]}) 8... Qa5+ 9. c3 {[%cal Rd4c5]} c4 (9... cxd4 10. Nxd4 Nxd4 11. Bxd4 Ne7 12. O-O Nc6 13. b4 Qc7 14. Rc1 Be7 15. g4 Be4 {1-0 (28) Giri,A (2777)-Navara,D (2745) Shamkir 2018}) 10. O-O {White is slightly better.} b5 11. Nc5 Bxc5 12. dxc5 Qd8 $146 ({Predecessor:} 12... Nge7 13. b4 Qa3 14. Qc1 Qxc1 15. Rfxc1 Kd7 {½-½ (53) Tsydypov,Z (2530)-Popov,I (2590) Baku 2018}) 13. a4 a6 14. Nd4 Nxd4 15. Qxd4 {Strongly threatening axb5.} Ne7 16. axb5 axb5 17. Bg5 {Hoping for Qh4.} Qc8 18. c6 (18. Bxe7 $16 Kxe7 19. Qh4+ Kf8 20. g4) 18... Qxc6 19. b3 Ra6 $2 (19... Rxa1 $15 {stays ahead.} 20. Rxa1 Ng6) 20. Rxa6 $40 {[%mdl 128] White goes for the king.} Qxa6 21. Qc5 {[%csl Gg5][%cal Rc5e7]} Nc6 22. bxc4 bxc4 23. Qd6 h6 {[#]} 24. Be3 $1 {[%mdl 1024] White has strong compensation.} h5 $2 (24... Bd3 25. Bxd3 cxd3) 25. Bc5 $18 h4 26. h3 f6 27. Bh5+ Rxh5 28. Qf8+ {[%mdl 64] [#] Double Attack} Kd7 29. Qf7+ Kc8 30. Qxh5 Nxe5 31. Qh8+ ({Don't take} 31. Qxh4 Kc7 $18) 31... Kc7 32. Qxg7+ Nd7 33. Be3 Qa3 34. Rc1 Qf8 35. Qxf8 Nxf8 {[%mdl 4096] Endgame KRB-KBN} 36. Ra1 Nd7 37. f3 e5 38. Ra6 Bd3 39. Kf2 f5 40. f4 e4 $2 (40... exf4 41. Bxf4+ Kd8 42. Bg5+ Kc7 43. Ra7+ Kc6 44. Bxh4 Nc5) 41. Bd4 Nb8 42. Be5+ Kb7 43. Ra5 {Accuracy: White = 55%, Black = 46%.} 1-0

[Event "EICC 2019"]
[Site "Skopia"]
[Date "2019.03.20"]
[Round "3.1"]
[White "Ter-Sahakyan, Samvel"]
[Black "Artemiev, Vladislav"]
[Result "1/2-1/2"]
[WhiteElo "2590"]
[BlackElo "2736"]
[Annotator "TA"]
[PlyCount "69"]
[EventDate "2019.03.18"]
[EventType "swiss"]
[EventCountry "MKD"]
[SourceTitle "playchess.com"]
[Source "ChessBase"]
[SourceQuality "1"]

{[%evp 13,69,27,26,25,39,43,49,47,51,51,54,42,47,51,57,37,37,37,37,22,54,30,44,22,45,41,44,0,0,0,-7,-6,-10,0,148,112,107,101,79,75,70,79,56,0,0,0,0,0,0,0,0,0,0,0,0,0,0,0]} 1. e4 c6 2. d4 d5 3. e5 Bf5 4. Nf3 e6 5. Be2 h6 6. O-O Ne7 7. c3 Nd7 8. a4 {B12: Caro-Kann: Advance Variation} (8. Nbd2 c5 9. dxc5 Nxc5 10. Nd4 Nd7 11. Nxf5 Nxf5 12. Bd3 Ne7 13. Nf3 Nc6 14. Re1 Qc7 15. Qe2 g5 {0-1 (50) Karjakin,S (2773)-Mamedyarov,S (2801) Saint Louis 2018}) 8... a5 9. Na3 Bg6 10. Nh4 {White is slightly better.} Bh7 11. f4 Nc8 12. Nf3 Bxa3 13. Rxa3 O-O 14. Be3 $146 ({Predecessor:} 14. b3 Qb6 15. Ra2 Re8 {½-½ (31) Geissler,W (2319)-Grabner,H (2334) ICCF email 2014}) 14... Ne7 15. Qe1 f6 16. b3 Qc7 17. Ra2 Qb6 18. Bd1 Bd3 19. Rff2 fxe5 20. fxe5 Nf5 21. g4 Nxe3 22. Qxe3 Be4 23. g5 Kh7 (23... h5 $1 $11) 24. Bc2 Bxc2 25. Raxc2 {Hoping for Qd3+.} Rf5 {[%cal Bf8f5,Bf5g5,Bg5g7][%mdl 32]} 26. gxh6 gxh6 27. Nh4 Rg5+ 28. Rg2 (28. Kh1 $14 Rag8 29. Rf7+ R8g7 30. Rxg7+ Rxg7 31. Rb2) 28... Rag8 $1 $11 {The position is equal.} 29. Qd3+ Kh8 30. Nf3 R5g7 31. Qe3 Kh7 32. Qd3+ Kh8 33. Qe3 Kh7 34. Qd3+ Kh8 35. Qe3 {Accuracy: White = 66%, Black = 67%.} 1/2-1/2

[Event "EICC 2019"]
[Site "Skopia"]
[Date "2019.03.20"]
[Round "3.2"]
[White "Azarov, Sergei"]
[Black "Grandelius, Nils"]
[Result "1-0"]
[WhiteElo "2585"]
[BlackElo "2694"]
[Annotator "TA"]
[PlyCount "117"]
[EventDate "2019.03.18"]
[EventType "swiss"]
[EventCountry "MKD"]
[SourceTitle "playchess.com"]
[Source "ChessBase"]
[SourceQuality "1"]

{[%evp 12,117,14,7,13,24,23,9,6,0,0,0,0,0,0,-33,-17,-23,43,22,33,26,29,25,16,23,10,11,22,22,32,15,113,111,110,102,112,110,110,118,89,101,89,62,87,83,92,91,88,64,152,143,158,122,114,101,166,181,200,193,268,252,232,229,314,164,227,204,235,228,228,226,200,237,227,222,254,231,226,216,556,556,935,555,1039,528,1485,1459,1169,936,879,859,642,609,1169,1094,29970,29971,29975,29976,29977,29978,29978,29979,29979,29980,29980,29940]} 1. e4 c5 2. Nf3 d6 3. d4 cxd4 4. Nxd4 Nf6 5. Nc3 a6 6. Bg5 Nbd7 7. Bc4 Qb6 {B94: Sicilian Najdorf: 6 Bg5 Nbd7} 8. Bb3 e6 9. Qd2 Be7 {The position is equal.} 10. O-O-O Nc5 11. Rhe1 {Nf5 is the strong threat.} h6 12. Bh4 O-O 13. Qe3 Qc7 14. g4 Nfxe4 (14... Nxg4 $11 15. Qg3 Bxh4 16. Qxh4 Ne5) 15. Bxe7 $14 Nxc3 16. bxc3 Qxe7 {[#]} 17. Nf5 $146 {[%cal Rf5e7]} Qc7 18. Nxd6 Rd8 19. Qe5 b6 20. f4 Bb7 21. f5 {[%cal Rf5e6]} Bd5 {[#]} (21... Bf3 $1 $11) 22. Nxf7 $1 $16 {[%mdl 512]} Qxf7 23. fxe6 {[#]} Bxe6 $1 {[%cal Rc5b3][%mdl 512]} 24. Rxd8+ (24. Bxe6 Rxd1+) 24... Rxd8 25. Bxe6 Nxe6 26. Qxe6 {[%mdl 4096] Endgame KQR-KQR} Rd5 27. a4 Rc5 28. Kb2 Rc4 29. Qxb6 Rxa4 30. h3 Kh7 (30... Qa2+ $14 31. Kc1 Qd5 32. Qe6+ Qxe6 33. Rxe6 Kf7) 31. Qb3 Qd7 32. Re5 Rf4 33. Qd5 $36 {[%mdl 2048] Keeping Black busy.} Qc8 (33... Qc7 $16) 34. Re7 $18 Qb8+ 35. Rb7 Qe8 (35... Qc8 {might work better.} 36. Rb6 Rc4) 36. Qd3+ Kh8 37. Qd6 Rf8 38. Qe7 ({Weaker is} 38. Qxa6 Rg8 $16) (38. c4 $142) 38... Qxe7 39. Rxe7 {KR-KR} Rb8+ 40. Ka3 Rc8 41. Kb3 Rb8+ 42. Ka4 Rc8 43. Re3 Rc5 44. Kb4 Rb5+ 45. Kc4 h5 $2 (45... Rb8 {is a better chance.} 46. Kd5 Rd8+ 47. Kc6 Kg8) 46. Kd4 hxg4 47. hxg4 Rb2 48. Re2 Kh7 49. c4 {[%cal Bc3c4,Bc4c5,Bc5c6,Bc6c7][%mdl 32]} a5 50. Kc3 Rb1 51. Re5 a4 52. Ra5 Rg1 53. c5 Rxg4 54. c6 {White mates.} Rf4 55. c7 Rf8 56. Rxa4 g5 57. Rc4 Rc8 58. Kb4 g4 59. Rxg4 {Accuracy: White = 74%, Black = 42%.} 1-0

[Event "EICC 2019"]
[Site "Skopia"]
[Date "2019.03.20"]
[Round "3.3"]
[White "Maze, Sebastien"]
[Black "Cheparinov, Ivan"]
[Result "0-1"]
[WhiteElo "2578"]
[BlackElo "2683"]
[Annotator "TA"]
[PlyCount "64"]
[EventDate "2019.03.18"]
[EventType "swiss"]
[EventCountry "MKD"]
[SourceTitle "playchess.com"]
[Source "ChessBase"]
[SourceQuality "1"]

{[%evp 13,64,20,16,3,6,5,8,0,12,6,22,9,13,17,13,3,12,14,13,7,6,12,36,39,37,31,42,0,0,0,0,0,0,0,0,-47,-59,-73,-77,-214,-175,-191,-183,-180,-134,-173,-168,-188,-230,-310,-216,-1168,-1145]} 1. e4 e5 2. Nf3 Nc6 3. Bb5 a6 4. Ba4 Nf6 5. O-O Be7 6. d3 b5 7. Bb3 d6 8. a3 {C84: Closed Ruy Lopez: Unusual White 6th moves} Na5 9. Ba2 c5 10. Nc3 {The position is equal.} Be6 11. Bg5 c4 12. d4 $146 ({Predecessor:} 12. Ne2 O-O 13. Ng3 Rb8 14. h3 Nc6 15. Qe2 Qc7 {1-0 (63) Kobalia,M (2599)-Dubov,D (2701) Batumi 2018}) 12... Qc7 13. h3 O-O 14. Qd2 Rfe8 15. Rfe1 Rad8 16. d5 Bd7 17. b4 cxb3 18. cxb3 Rc8 19. Rac1 Qb8 20. Nb1 Rxc1 21. Qxc1 h6 {[#] White must now prevent ...Rc8.} 22. Bd2 Rc8 $36 {[%mdl 2048] Black has good play.} 23. Qd1 Bd8 24. Bc3 Bb6 25. Qd2 Qc7 26. g4 (26. Kh2 $17 {keeps fighting.}) 26... h5 27. g5 Nh7 28. Kh2 Nf8 29. Nh4 Ng6 30. Ng2 Qd8 31. f3 h4 32. Bb4 $2 {[#]} (32. Rd1) 32... Rc2 $1 {[%mdl 512] Accuracy: White = 35%, Black = 79%.} 0-1

[Event "EICC 2019"]
[Site "Skopia"]
[Date "2019.03.20"]
[Round "3.4"]
[White "Buhmann, Rainer"]
[Black "Rodshtein, Maxim"]
[Result "1/2-1/2"]
[WhiteElo "2568"]
[BlackElo "2673"]
[Annotator "TA"]
[PlyCount "21"]
[EventDate "2019.03.18"]
[EventType "swiss"]
[EventCountry "MKD"]
[SourceTitle "playchess.com"]
[Source "ChessBase"]
[SourceQuality "1"]

{[%evp 10,21,30,11,13,5,13,14,34,25,27,-7,6,-1]} 1. e4 c6 2. Nf3 d5 3. Nc3 Bg4 4. h3 Bxf3 5. Qxf3 e6 6. Be2 Nf6 {B11: Caro-Kann: Two Knights Variation} 7. O-O Bc5 8. d3 O-O 9. Qg3 Bd4 10. Qh4 $146 ({Predecessor:} 10. Bg5 Nbd7 11. Kh1 Qb6 12. Rab1 Qc5 13. f4 dxe4 14. Nxe4 Qxc2 {0-1 (38) Jones,G (2635)-Riazantsev,A (2710) Warsaw 2011}) 10... Nfd7 11. Qxd8 1/2-1/2

[Event "EICC 2019"]
[Site "Skopia"]
[Date "2019.03.20"]
[Round "3.5"]
[White "Berkes, Ferenc"]
[Black "Lomasov, Semyon"]
[Result "1/2-1/2"]
[WhiteElo "2666"]
[BlackElo "2559"]
[Annotator "TA"]
[PlyCount "119"]
[EventDate "2019.03.18"]
[EventType "swiss"]
[EventCountry "MKD"]
[SourceTitle "playchess.com"]
[Source "ChessBase"]
[SourceQuality "1"]

{[%evp 23,119,23,7,0,0,0,0,0,49,37,37,35,41,41,30,24,45,6,12,15,9,5,19,12,18,18,12,13,12,0,19,19,19,19,19,19,19,19,33,33,33,22,14,0,23,12,22,6,6,6,6,6,12,14,20,19,20,20,33,10,10,6,11,0,0,0,0,0,0,0,4,4,4,0,12,5,5,0,12,12,12,12,12,12,12,0,12,0,11,10,11,10,11,10,11,11,12,0]} 1. d4 e6 2. Nf3 Nf6 3. g3 c5 4. Bg2 cxd4 5. O-O d5 6. Nxd4 e5 7. Nf3 Nc6 8. c4 d4 9. e3 Be7 10. exd4 exd4 11. Bf4 O-O 12. Ne5 Qb6 13. Nxc6 {E01: Catalan: Early deviations} (13. Re1 Be6 14. Nd2 Rac8 15. a3 d3 16. b4 Nxe5 17. c5 Qa6 18. Bxe5 Ng4 19. Bc3 Bf6 20. Qc1 Rfd8 {½-½ (35) Dubov,D (2660)-Nepomniachtchi,I (2751) Sochi 2017}) 13... bxc6 14. Qb3 Be6 15. Rd1 Rac8 $146 ({Predecessor:} 15... Qc5 16. Qb7 Nh5 17. Bc7 Qxc4 18. Nd2 Qb4 19. Qxb4 Bxb4 20. a3 Rac8 21. axb4 Rxc7 {1-0 (39) Plat,V (2524)-Sandalakis,A (2444) Kavala 2018}) 16. Qxb6 axb6 17. Rxd4 Bc5 18. Rd2 Bxc4 19. Nc3 Bb4 20. Rc1 Bxc3 21. Rxc3 Bd5 {Hoping for ...Bxg2.} 22. Rdc2 Ne4 23. Ra3 Ra8 24. Rxa8 Rxa8 25. b3 f5 26. Be3 b5 27. f3 Nf6 28. Kf2 Kf7 29. Bf1 g6 30. Be2 h5 31. h4 Ne8 32. Rd2 Be6 33. Rc2 Bd7 34. Bd1 Nf6 35. Bd2 Nd5 36. Rb2 Ra3 37. Be2 Be6 38. Rc2 Bd7 39. Bc1 Ra8 40. a3 Ke6 41. Bd1 Kf7 {The position is equal.} 42. Rd2 Be6 43. Rc2 b4 44. axb4 Nxb4 45. Rd2 $1 Ra5 46. Bb2 Rd5 47. Rxd5 Nxd5 $11 {[%mdl 4096] Endgame KBB-KBN} 48. Be5 Bc8 49. Be2 Be6 50. Bd1 Bc8 51. Bd4 Ba6 52. Ke1 Bb5 53. Kd2 Ba6 54. Ke1 Bb5 55. Kf2 Ba6 56. g4 hxg4 57. fxg4 fxg4 58. Bxg4 Bd3 59. Bd1 Ke6 60. Bg4+ {Accuracy: White = 66%, Black = 66%.} 1/2-1/2

[Event "EICC 2019"]
[Site "Skopia"]
[Date "2019.03.20"]
[Round "3.6"]
[White "Alonso Rosell, Alvar"]
[Black "Melkumyan, Hrant"]
[Result "1/2-1/2"]
[WhiteElo "2559"]
[BlackElo "2661"]
[Annotator "TA"]
[PlyCount "71"]
[EventDate "2019.03.18"]
[EventType "swiss"]
[EventCountry "MKD"]
[SourceTitle "playchess.com"]
[Source "ChessBase"]
[SourceQuality "1"]

{[%evp 17,71,6,25,5,9,0,10,0,8,9,15,15,15,13,15,15,15,15,17,12,19,19,23,15,11,0,0,-5,-5,-5,-5,-5,-2,-12,0,4,3,3,0,2,4,3,3,3,3,4,4,4,3,0,15,0,0,0,0,0]} 1. d4 Nf6 2. Nf3 g6 3. g3 d5 4. Bg2 c6 5. O-O Bg7 6. Nbd2 O-O 7. c4 a5 8. b3 a4 9. Bb2 {[%cal Bc1b2,Bb2c3,Bc3b4][%mdl 32]} Bf5 {LiveBook: 89 Games. D78: Fianchetto Grünfeld: 6 0-0 c6} (9... Ne4 10. Nxe4 dxe4 11. Ne1 c5 12. Nc2 Nc6 13. e3 f5 14. Bc3 Qc7 15. Na3 cxd4 16. Nb5 Qb8 17. exd4 Nxd4 18. Bxd4 {0-1 (29) Cordova,E (2609)-Ding,L (2804) Batumi 2018}) 10. a3 axb3 11. Qxb3 Nbd7 $146 ({Predecessor:} 11... Ra7 12. Ne5 e6 13. h3 h5 14. a4 Nfd7 15. Nd3 Qb6 16. Qc3 Qa5 17. Qc1 Bxd3 18. exd3 {1-0 (41) Paravyan,D (2634)-Mikhalevski,V (2579) St Petersburg 2018}) 12. cxd5 cxd5 13. Bc3 Qb6 14. Qxb6 Nxb6 15. Bb4 Rfe8 16. Rfc1 Ne4 17. e3 Nxd2 18. Nxd2 e6 19. Rc7 Rab8 20. Bf1 e5 {The position is equal.} 21. Bb5 Rec8 22. Rxc8+ Rxc8 23. dxe5 Bxe5 24. Re1 Nc4 25. Nf3 {[#] Threatens to win with Bxc4.} ({Much worse is} 25. e4 Nxd2 26. Bxd2 dxe4 $17) 25... Be4 26. Bxc4 Bxf3 27. Be2 Bxe2 28. Rxe2 $11 {[%mdl 4096] Endgame KRB-KRB} Rc1+ 29. Kg2 Bc3 30. Bxc3 Rxc3 {KR-KR} 31. Rb2 Rxa3 32. Rxb7 Ra5 33. Re7 Kg7 34. Re5 Kf6 35. Re8 h5 36. h4 {Precision: White = 74%, Black = 69%.} 1/2-1/2

[Event "EICC 2019"]
[Site "Skopia"]
[Date "2019.03.20"]
[Round "3.8"]
[White "Fressinet, Laurent"]
[Black "Arutinian, David"]
[Result "1/2-1/2"]
[WhiteElo "2652"]
[BlackElo "2555"]
[Annotator "TA"]
[PlyCount "93"]
[EventDate "2019.03.18"]
[EventType "swiss"]
[EventCountry "MKD"]
[SourceTitle "playchess.com"]
[Source "ChessBase"]
[SourceQuality "1"]

{[%evp 13,93,19,27,24,35,40,47,19,25,15,31,14,22,22,20,-44,27,25,61,66,43,51,62,51,60,38,87,34,46,35,33,22,59,33,40,16,60,22,17,28,19,27,41,29,44,19,20,11,11,12,11,15,10,2,20,20,20,20,20,20,26,26,26,20,20,20,20,20,20,20,13,0,0,0,12,12,12,3,3,5,5,0]} 1. e4 c6 2. d4 d5 3. e5 Bf5 4. Nf3 e6 5. Be2 Ne7 6. c3 Nd7 7. O-O h6 8. a4 {B12: Caro-Kann: Advance Variation} (8. Nbd2 c5 9. dxc5 Nxc5 10. Nd4 Nd7 11. Nxf5 Nxf5 12. Bd3 Ne7 13. Nf3 Nc6 14. Re1 Qc7 15. Qe2 g5 {0-1 (50) Karjakin,S (2773)-Mamedyarov,S (2801) Saint Louis 2018}) 8... a5 9. Na3 Bh7 10. Nc2 {White is slightly better.} c5 11. Nfe1 $146 ({Predecessor:} 11. dxc5 Nc6 12. Bb5 Bxc5 13. Ncd4 Qc7 14. Nb3 Be7 15. Bf4 O-O {½-½ (62) Sevian,S (2556)-Hernandez Carmenates,H (2524) Las Vegas 2015}) 11... Nc6 12. Bd3 Bxd3 13. Nxd3 cxd4 14. Nxd4 (14. cxd4 $11 Qb6 15. Be3) 14... Nc5 ({Black should play} 14... Ndxe5 $15 15. Nxe5 Nxe5) 15. Nb5 $11 Rc8 16. Nxc5 Bxc5 17. Be3 Be7 ({Much worse is} 17... Nxe5 $6 18. Bxc5 Rxc5 19. Qd4 $16) 18. f4 O-O 19. Qg4 Qd7 20. Rae1 ({White should try} 20. Rf3 $16) 20... f6 $14 21. exf6 Rxf6 22. Kh1 Bf8 23. Qe2 Re8 24. Rd1 Qf7 25. Qd3 e5 26. fxe5 Rxf1+ 27. Rxf1 Nxe5 28. Qd1 ({Wrong is} 28. Rxf7 $2 Nxd3 29. Rf3 Nxb2 $19) 28... Qd7 29. Bd4 Nc4 30. b3 Nd6 31. Nxd6 Bxd6 32. Qh5 Qe6 33. g3 (33. h3 {is more complex.} Re7 34. Qf3 Re8 35. Qd3 Bc7 36. Bg1) 33... Rf8 34. Rxf8+ Kxf8 35. Qf3+ Kg8 36. Kg2 Bc7 37. Qe3 Qxe3 38. Bxe3 $11 {[%mdl 4096] Endgame KB-KB} h5 {The position is equal.} 39. Kf3 Kf7 40. h3 Ke6 41. g4 hxg4+ 42. Kxg4 Be5 43. Bd2 g6 44. Kg5 Kf7 45. b4 Bf6+ 46. Kf4 Ke6 47. Kf3 {Accuracy: White = 50%, Black = 64%.} 1/2-1/2

[Event "EICC 2019"]
[Site "Skopia"]
[Date "2019.03.20"]
[Round "3.9"]
[White "Alekseenko, Kirill"]
[Black "Halkias, Stelios"]
[Result "1-0"]
[WhiteElo "2644"]
[BlackElo "2552"]
[Annotator "TA"]
[PlyCount "69"]
[EventDate "2019.03.18"]
[EventType "swiss"]
[EventCountry "MKD"]
[SourceTitle "playchess.com"]
[Source "ChessBase"]
[SourceQuality "1"]

{[%evp 9,69,24,14,20,27,8,2,0,0,-2,0,0,8,-2,-12,-20,0,0,0,0,0,0,0,-3,-16,-17,-20,-11,47,47,47,47,53,57,93,100,90,62,109,141,315,306,369,377,379,372,367,377,349,364,408,362,283,352,1771,1593,29987,29988,29988,29989,29988,29989]} 1. e4 c6 2. d4 d5 3. e5 c5 4. dxc5 e6 5. Nf3 Bxc5 6. Bd3 {B12: Caro-Kann: Advance Variation} Ne7 7. a3 Ng6 8. b4 {The position is equal.} (8. O-O O-O 9. Nbd2 Nc6 10. b4 Bb6 11. Bxg6 fxg6 12. Nb3 Bd7 13. Re1 {1-0 (29) Anand,V (2773)-Mamedyarov,S (2817) Wijk aan Zee 2019}) 8... Be7 9. Bb2 $146 ({Predecessor:} 9. O-O O-O 10. Bb2 a5 11. b5 Nf4 12. c4 Nxd3 13. Qxd3 {0-1 (47) Petrov,N (2593)-Piorun,K (2634) St Petersburg 2018}) 9... a5 10. b5 a4 11. O-O Nd7 12. Re1 Nc5 13. Bf1 O-O 14. Nbd2 b6 15. g3 Bb7 16. Bg2 Qc7 17. h4 f5 18. Nd4 $1 Rfd8 ({Black should play} 18... Qd7 $11) 19. Qe2 $14 Bf8 20. Rad1 Qf7 21. c4 f4 {Black wants to play ...Nxe5.} 22. cxd5 Bxd5 23. Nc4 Bxg2 24. Kxg2 Rd5 $2 (24... h5 $16 25. Qf3 Rac8) 25. h5 $18 ({Weaker is} 25. Nxb6 Rxe5 26. Qf3 Rb8 $16) 25... Qb7 {[#] Hoping for ...Rxd4+.} 26. Qf3 (26. hxg6 Rxd4+ 27. f3 Rxd1 $16) 26... Ne7 27. Nd6 Qd7 28. gxf4 (28. Qxf4 Nc8 $18) 28... Rd8 29. Kh2 Nc8 30. Nxe6 Rxd1 31. Nxc5 ({Not} 31. Nxd8 Rd2 $14) 31... Qxd6 $2 {[#]} (31... bxc5 32. Rxd1 (32. Qxd1 Nxd6 33. exd6 Bxd6 $16) 32... Nxd6) 32. exd6 Rxe1 33. Qd5+ {White mates.} Kh8 34. Nb7 Rd7 35. Qf5 {[%mdl 64] Double Attack. Accuracy: White = 89%, Black = 42%.} 1-0